[Event "Titled Tuesday intern op 22nd Aug Late"]
[Site "Chess.com INT"]
[Date "2023.08.22"]
[Round "3"]
[White "Asish, Panda"]
[Black "Garcia Castany Musellas, Gal La"]
[Result "1-0"]
[WhiteElo "1731"]
[BlackElo "2117"]
[PlyCount "65"]
[EventDate "2023.08.22"]
[EventType "swiss (blitz)"]
[EventRounds "11"]
[EventCountry "USA"]
[SourceTitle "EXT 2024"]
[Source "ChessBase"]
[SourceDate "2023.10.10"]
[SourceVersion "1"]
[SourceVersionDate "2023.10.10"]
[SourceQuality "1"]

1. e4 e5 2. Nf3 Nc6 3. Bc4 Bc5 4. c3 Nf6 5. d3 d6 6. Nbd2 a6 7. Nf1 Ba7 8. Ng3 Na5 9. Bd5 c6 10. Bb3 Nxb3 11. axb3 0-0 12. Bg5 h6 13. Bh4 Re8 14. Qd2 d5 15. Nh5 Kh7 16. exd5 e4 17. Nxf6+ gxf6 18. dxe4 Rxe4+ 19. Kf1 Qxd5 20. Qxd5 cxd5 21. Bxf6 Bf5 22. Rd1 Re6 23. Bd4 Bb8 24. Be3 Be4 25. Nd4 Re8 26. h4 Be5 27. h5 Rad8 28. Rh4 Bf6 29. Rf4 Kg7 30. Rg4+ Kh7 31. f3 Bxf3 32. Nxf3 Rxe3 33. Rf4 1-0

[Event "Titled Tuesday intern op 01st Aug Late"]
[Site "Chess.com INT"]
[Date "2023.08.01"]
[Round "6"]
[White "Liu, Casper Yukun"]
[Black "Garcia Castany Musellas, Gal La"]
[Result "1-0"]
[WhiteElo "2278"]
[BlackElo "2117"]
[PlyCount "91"]
[EventDate "2023.08.01"]
[EventType "swiss (blitz)"]
[EventRounds "11"]
[EventCountry "USA"]
[SourceTitle "EXT 2024"]
[Source "ChessBase"]
[SourceDate "2023.10.10"]
[SourceVersion "1"]
[SourceVersionDate "2023.10.10"]
[SourceQuality "1"]

1. e4 c6 2. h3 d5 3. d3 dxe4 4. dxe4 Qxd1+ 5. Kxd1 Nf6 6. Bd3 Nbd7 7. Be3 e5 8. Nd2 Bc5 9. Ke2 Bxe3 10. Kxe3 0-0 11. Ngf3 Ne8 12. b4 Nd6 13. Nc4 Nxc4+ 14. Bxc4 h6 15. a4 Re8 16. a5 Nf8 17. Rhd1 Be6 18. Nxe5 Bxc4 19. Nxc4 Re7 20. Nd6 Rd8 21. Rd3 Ne6 22. h4 g6 23. Rad1 Rf8 24. f3 Ng7 25. g4 h5 26. g5 Rd8 27. f4 Rxd6 28. Rxd6 Nf5+ 29. Kf3 Nxd6 30. Rxd6 Kg7 31. e5 Rc7 32. c4 b6 33. a6 Kf8 34. Ke4 Ke7 35. f5 gxf5+ 36. Kxf5 c5 37. b5 Rc8 38. Rd2 Rg8 39. Rd6 Rc8 40. Rh6 Rd8 41. Rxh5 Rd4 42. Rh7 Rxc4 43. g6 Rc1 44. Rxf7+ Ke8 45. Ke6 Rg1 46. h5 1-0

[Event "Krakow op-A 33rd"]
[Site "Krakow"]
[Date "2023.01.02"]
[Round "7"]
[White "Garcia Castany Musellas, Gal La"]
[Black "Palczert, Matyas"]
[Result "0-1"]
[WhiteElo "2152"]
[BlackElo "2313"]
[PlyCount "48"]
[EventDate "2022.12.27"]
[EventType "swiss"]
[EventRounds "9"]
[EventCountry "POL"]
[SourceTitle "CBM 212 Extra"]
[Source "ChessBase"]
[SourceDate "2023.03.31"]
[SourceVersion "1"]
[SourceVersionDate "2023.03.31"]
[SourceQuality "1"]

1. e4 c5 2. Nf3 e6 3. g3 Nc6 4. Bg2 Nf6 5. d3 d6 6. 0-0 Be7 7. c4 0-0 8. Nc3 a6 9. a4 e5 10. h3 Bd7 11. Nh4 Nd4 12. f4 b5 13. axb5 axb5 14. Rxa8 Qxa8 15. cxb5 Qb8 16. fxe5 dxe5 17. Nf5 Nxf5 18. exf5 Bxb5 19. Nxb5 Qxb5 20. Qe2 e4 21. Bxe4 Nxe4 22. Qxe4 Bf6 23. Be3 Re8 24. Qf4 Rxe3 0-1

[Event "Titled Tuesday intern op 20th Sep Late"]
[Site "Chess.com INT"]
[Date "2022.09.20"]
[Round "9"]
[White "Garcia Castany Musellas, Gal La"]
[Black "Novikova, Galina"]
[Result "1-0"]
[WhiteElo "2146"]
[BlackElo "2073"]
[PlyCount "105"]
[EventDate "2022.09.20"]
[EventType "swiss (blitz)"]
[EventRounds "11"]
[EventCountry "USA"]
[SourceTitle "EXT 2023"]
[Source "ChessBase"]
[SourceDate "2022.10.05"]
[SourceVersion "1"]
[SourceVersionDate "2022.10.05"]
[SourceQuality "1"]

1. d4 e6 2. c4 d5 3. Nf3 c6 4. Nc3 dxc4 5. a4 Bb4 6. e3 b5 7. Be2 a6 8. 0-0 Bb7 9. Qc2 Nf6 10. b3 cxb3 11. Qxb3 Be7 12. Rd1 0-0 13. e4 Nbd7 14. Bg5 h6 15. Bh4 b4 16. e5 Nd5 17. Bxe7 Qxe7 18. Ne4 c5 19. Nd6 Bc6 20. Rdc1 Nc3 21. Rxc3 bxc3 22. Qxc3 Bxf3 23. Bxf3 cxd4 24. Qxd4 Rab8 25. Be4 Rfd8 26. f4 Nb6 27. Bd3 a5 28. Qe4 g6 29. Bb5 Rxd6 30. exd6 Qxd6 31. Rc1 Rd8 32. Rc6 Qd1+ 33. Kf2 Nd5 34. h3 Qd2+ 35. Kg3 h5 36. h4 Ne3 37. Kh3 Qe1 38. g3 Qf1+ 39. Bxf1 Nxf1 40. Qc4 Ne3 41. Qc3 Nd5 42. Qe5 Nb4 43. Rb6 Nd5 44. Rb8 Rxb8 45. Qxb8+ Kg7 46. Qa8 Ne3 47. Qxa5 Ng4 48. Qc3+ Kh7 49. a5 Nf2+ 50. Kg2 Ne4 51. Qb4 e5 52. Qxe4 exf4 53. Qxf4 1-0

[Event "Titled Tuesday intern op 20th Sep Late"]
[Site "Chess.com INT"]
[Date "2022.09.20"]
[Round "2"]
[White "Sztokbant, Bernardo Vainzoff"]
[Black "Garcia Castany Musellas, Gal La"]
[Result "1-0"]
[WhiteElo "2213"]
[BlackElo "2146"]
[PlyCount "69"]
[EventDate "2022.09.20"]
[EventType "swiss (blitz)"]
[EventRounds "11"]
[EventCountry "USA"]
[SourceTitle "EXT 2023"]
[Source "ChessBase"]
[SourceDate "2022.10.05"]
[SourceVersion "1"]
[SourceVersionDate "2022.10.05"]
[SourceQuality "1"]

1. d4 Nf6 2. Nf3 e6 3. g3 d5 4. Bg2 Be7 5. 0-0 0-0 6. c4 dxc4 7. Qc2 b5 8. a4 Bb7 9. axb5 a6 10. bxa6 Nxa6 11. Qxc4 Nb4 12. Rxa8 Qxa8 13. Nc3 Rc8 14. Bg5 Ba6 15. Qb3 c5 16. dxc5 Bxc5 17. Bxf6 gxf6 18. Ra1 Qb8 19. e3 Bf8 20. Ne4 Kg7 21. Nfd2 Be2 22. Re1 Bh5 23. Nc4 Bg6 24. Ncd2 Nd5 25. Qxb8 Rxb8 26. b3 Bb4 27. Rc1 Ba3 28. Ra1 Bb2 29. Ra7 Bc1 30. Bf3 Bxe4 31. Nxe4 Rxb3 32. Nd6 Rb1 33. Rxf7+ Kg6 34. Be4+ f5 35. Bxb1 1-0

[Event "Titled Tuesday intern op 23rd Aug Late"]
[Site "Chess.com INT"]
[Date "2022.08.23"]
[Round "9"]
[White "Garcia Castany Musellas, Gal La"]
[Black "Silva Lucena, Cristian"]
[Result "1-0"]
[WhiteElo "2146"]
[BlackElo "2234"]
[PlyCount "103"]
[EventDate "2022.08.23"]
[EventType "swiss (blitz)"]
[EventRounds "11"]
[EventCountry "USA"]
[SourceTitle "EXT 2023"]
[Source "ChessBase"]
[SourceDate "2022.10.05"]
[SourceVersion "1"]
[SourceVersionDate "2022.10.05"]
[SourceQuality "1"]

1. d4 Nf6 2. c4 c5 3. d5 b5 4. cxb5 a6 5. Nc3 axb5 6. e4 b4 7. Nb5 d6 8. Bf4 Nbd7 9. Bd3 g6 10. Nf3 Nh5 11. Bd2 Bg7 12. Qc2 0-0 13. 0-0 Ba6 14. a4 bxa3 15. Rxa3 Qb6 16. Nc3 Bxd3 17. Qxd3 Qxb2 18. Rxa8 Rxa8 19. Rb1 Qa3 20. h3 Nf4 21. Bxf4 Qxc3 22. Qxc3 Bxc3 23. Rb7 Rd8 24. Kf1 Kf8 25. Ke2 Bg7 26. Kd2 h6 27. h4 Nf6 28. Kd3 Ng4 29. Bg3 Ra8 30. Nd2 Ra3+ 31. Ke2 Bd4 32. f3 Ne3 33. Bf4 Nxg2 34. Bxh6+ Ke8 35. Nc4 Ra2+ 36. Kd1 Nxh4 37. Bg5 Bf6 38. Bxf6 exf6 39. Nxd6+ Kf8 40. Rxf7+ Kg8 41. Rxf6 Kg7 42. Rf7+ Kh6 43. Nc4 Ra4 44. Ne3 Ra3 45. Ke2 Ra2+ 46. Kd3 Ra3+ 47. Kd2 Kg5 48. d6 c4 49. d7 Rd3+ 50. Ke2 Rd4 51. Nd5 c3 52. d8Q+ 1-0

[Event "Titled Tuesday intern op 23rd Aug Late"]
[Site "Chess.com INT"]
[Date "2022.08.23"]
[Round "1"]
[White "Garcia Castany Musellas, Gal La"]
[Black "Uskov, Artem"]
[Result "0-1"]
[WhiteElo "2146"]
[BlackElo "2377"]
[PlyCount "70"]
[EventDate "2022.08.23"]
[EventType "swiss (blitz)"]
[EventRounds "11"]
[EventCountry "USA"]
[SourceTitle "EXT 2023"]
[Source "ChessBase"]
[SourceDate "2022.10.05"]
[SourceVersion "1"]
[SourceVersionDate "2022.10.05"]
[SourceQuality "1"]

1. d4 Nf6 2. c4 c5 3. d5 e6 4. Nc3 exd5 5. cxd5 d6 6. e4 g6 7. f4 Bg7 8. e5 dxe5 9. fxe5 Nh5 10. Nf3 0-0 11. Be2 Bg4 12. 0-0 Nd7 13. h3 Bxf3 14. Bxf3 Ng3 15. e6 Nxf1 16. exd7 Ng3 17. Bf4 Nf5 18. Qa4 a6 19. d6 b5 20. Nxb5 Qxd7 21. Nc3 Qxa4 22. Nxa4 Rad8 23. Rd1 Bd4+ 24. Kh1 Nxd6 25. b4 Nf5 26. bxc5 Be3 27. Rxd8 Rxd8 28. Bxe3 Nxe3 29. c6 Nc4 30. Bg4 Rd2 31. c7 Nd6 32. Nc5 Rxa2 33. Nb7 Rc2 34. Nxd6 Rxc7 35. Bf3 a5 0-1

[Event "Titled Tuesday intern op 23rd Aug Late"]
[Site "Chess.com INT"]
[Date "2022.08.23"]
[Round "4"]
[White "Manukian, Artak"]
[Black "Garcia Castany Musellas, Gal La"]
[Result "0-1"]
[WhiteElo "2196"]
[BlackElo "2146"]
[PlyCount "48"]
[EventDate "2022.08.23"]
[EventType "swiss (blitz)"]
[EventRounds "11"]
[EventCountry "USA"]
[SourceTitle "EXT 2023"]
[Source "ChessBase"]
[SourceDate "2022.10.05"]
[SourceVersion "1"]
[SourceVersionDate "2022.10.05"]
[SourceQuality "1"]

1. e4 c6 2. d4 d5 3. e5 c5 4. dxc5 e6 5. a3 Bxc5 6. c4 Ne7 7. b4 Bb6 8. Nc3 a6 9. Nf3 Nbc6 10. cxd5 exd5 11. h3 0-0 12. Bd3 Ng6 13. Bxg6 hxg6 14. Qxd5 Nd4 15. Qxd8 Rxd8 16. 0-0 Nxf3+ 17. gxf3 Bd4 18. Bb2 Bxe5 19. Rfe1 Bf6 20. Rad1 Bxh3 21. Na4 Bxb2 22. Nxb2 Kf8 23. Nc4 Rxd1 24. Rxd1 Ke7 0-1

[Event "Titled Tuesday intern op 23rd Aug Late"]
[Site "Chess.com INT"]
[Date "2022.08.23"]
[Round "3"]
[White "Romero Ruscalleda, Josep"]
[Black "Garcia Castany Musellas, Gal La"]
[Result "0-1"]
[WhiteElo "2193"]
[BlackElo "2146"]
[PlyCount "138"]
[EventDate "2022.08.23"]
[EventType "swiss (blitz)"]
[EventRounds "11"]
[EventCountry "USA"]
[SourceTitle "EXT 2023"]
[Source "ChessBase"]
[SourceDate "2022.10.05"]
[SourceVersion "1"]
[SourceVersionDate "2022.10.05"]
[SourceQuality "1"]

1. e4 c6 2. Nc3 d5 3. Nf3 Bg4 4. h3 Bxf3 5. Qxf3 e6 6. d4 dxe4 7. Qxe4 Nf6 8. Qd3 Nbd7 9. g3 Be7 10. Bg2 0-0 11. a4 a5 12. 0-0 Nb6 13. Rd1 h6 14. Ne2 Nbd5 15. c3 Qb6 16. Qc2 Rfd8 17. Nf4 Rac8 18. Nd3 Qc7 19. Re1 Bd6 20. Ne5 c5 21. Nf3 cxd4 22. Nxd4 Bc5 23. Nb5 Qb6 24. Re2 Nc7 25. Nxc7 Rxc7 26. Bf4 Rcd7 27. Rae1 Nd5 28. Be5 Ne7 29. Qe4 Ng6 30. Bf4 Nxf4 31. Qxf4 Be7 32. Qe4 Bf6 33. Kh2 Qc5 34. f4 b5 35. axb5 Qxb5 36. Qc6 Qxc6 37. Bxc6 Rd2 38. Kg2 Rxe2+ 39. Rxe2 Rd6 40. Bb5 Rb6 41. c4 Bd4 42. b3 Bc5 43. Rd2 Rd6 44. Ra2 Bb4 45. Ba4 Rd3 46. Re2 Kf8 47. Kf2 g6 48. h4 Ke7 49. Kg2 h5 50. Rf2 Be1 51. Re2 Bxg3 52. c5 Bxf4 53. c6 Bc7 54. Re4 Rg3+ 55. Kf2 Rh3 56. Rc4 f6 57. Bb5 g5 58. hxg5 fxg5 59. Re4 Rh2+ 60. Ke3 Rh3+ 61. Kd4 Bb6+ 62. Kc4 h4 63. Re5 g4 64. Rh5 Rh1 65. Rh7+ Kd6 66. Rd7+ Ke5 67. Ba6 h3 68. Kb5 Bc7 69. Rxc7 Rc1 0-1

[Event "Titled Tuesday intern op 26th Jul Late"]
[Site "Chess.com INT"]
[Date "2022.07.26"]
[Round "3"]
[White "Malicka, Maria"]
[Black "Garcia Castany Musellas, Gal La"]
[Result "1-0"]
[WhiteElo "2393"]
[BlackElo "2146"]
[PlyCount "57"]
[EventDate "2022.07.26"]
[EventType "swiss (blitz)"]
[EventRounds "11"]
[EventCountry "USA"]
[SourceTitle "EXT 2023"]
[Source "ChessBase"]
[SourceDate "2022.10.05"]
[SourceVersion "1"]
[SourceVersionDate "2022.10.05"]
[SourceQuality "1"]

1. e4 c5 2. Nf3 e6 3. d4 cxd4 4. Nxd4 Nc6 5. Be3 Qc7 6. Qf3 a6 7. Be2 b5 8. 0-0 Bb7 9. Nc3 d6 10. Rfe1 Nf6 11. a3 Ne5 12. Qg3 Nxe4 13. Nxe4 Bxe4 14. Bf1 Bb7 15. f4 Nc4 16. Bf2 Nxb2 17. Rxe6+ fxe6 18. Nxe6 Qf7 19. Re1 Kd7 20. Qh3 g6 21. Qc3 Rc8 22. Qxh8 Nc4 23. Qd4 d5 24. g3 Bd6 25. Bh3 Kc6 26. a4 Re8 27. axb5+ axb5 28. Rd1 Kd7 29. Ng5+ 1-0

[Event "Titled Tuesday intern op 26th Jul Late"]
[Site "Chess.com INT"]
[Date "2022.07.26"]
[Round "9"]
[White "Paiva, Henrique MA Alberg"]
[Black "Garcia Castany Musellas, Gal La"]
[Result "0-1"]
[WhiteElo "2078"]
[BlackElo "2146"]
[PlyCount "84"]
[EventDate "2022.07.26"]
[EventType "swiss (blitz)"]
[EventRounds "11"]
[EventCountry "USA"]
[SourceTitle "EXT 2023"]
[Source "ChessBase"]
[SourceDate "2022.10.05"]
[SourceVersion "1"]
[SourceVersionDate "2022.10.05"]
[SourceQuality "1"]

1. d4 d5 2. c3 Nf6 3. Nf3 e6 4. Ne5 Bd6 5. e3 0-0 6. Bd3 c5 7. 0-0 b6 8. Nd2 Ba6 9. Ndf3 Bxd3 10. Qxd3 Qc7 11. b3 Nbd7 12. Bb2 Nxe5 13. dxe5 Bxe5 14. Nxe5 Qxe5 15. Rab1 Qe4 16. Qe2 Rfd8 17. f3 Qg6 18. Rbd1 e5 19. c4 d4 20. exd4 exd4 21. Qf2 Re8 22. Rfe1 Nh5 23. Bc1 Qd6 24. Qh4 Nf6 25. Bg5 Nd7 26. Bf4 Qf6 27. Qg3 h6 28. h3 Nf8 29. Re4 Ng6 30. Rde1 Rxe4 31. Rxe4 Rd8 32. Bd2 Qd6 33. Qg4 Qd7 34. Qg3 Re8 35. h4 Rxe4 36. fxe4 h5 37. Qg5 Qg4 38. Qd8+ Kh7 39. Bg5 Qxe4 40. Qc7 Qe1+ 41. Kh2 Qe5+ 42. Qxe5 Nxe5 0-1

[Event "Titled Tuesday intern op 26th Jul Late"]
[Site "Chess.com INT"]
[Date "2022.07.26"]
[Round "8"]
[White "Rios Escobar, Adan"]
[Black "Garcia Castany Musellas, Gal La"]
[Result "1-0"]
[WhiteElo "2276"]
[BlackElo "2146"]
[PlyCount "75"]
[EventDate "2022.07.26"]
[EventType "swiss (blitz)"]
[EventRounds "11"]
[EventCountry "USA"]
[SourceTitle "EXT 2023"]
[Source "ChessBase"]
[SourceDate "2022.10.05"]
[SourceVersion "1"]
[SourceVersionDate "2022.10.05"]
[SourceQuality "1"]

1. d4 d5 2. g3 e6 3. Nf3 Nf6 4. Bg2 Be7 5. 0-0 0-0 6. c4 c6 7. Qc2 b6 8. Rd1 Ba6 9. Nbd2 Nbd7 10. b3 Rc8 11. e4 Qc7 12. Bb2 Rfd8 13. Rac1 Qb8 14. Qb1 Bb7 15. h4 h6 16. e5 Ne8 17. cxd5 cxd5 18. g4 Ba6 19. g5 hxg5 20. Nxg5 Nf8 21. Ndf3 Be2 22. Rd2 Rxc1+ 23. Bxc1 Bxf3 24. Bxf3 f6 25. exf6 Bxf6 26. Bh5 Nd6 27. Re2 Nf5 28. Bf7+ Kh8 29. Nxe6 Nxh4 30. Nxd8 Nf3+ 31. Kf1 Qh2 32. Re8 Qh1+ 33. Ke2 Nxd4+ 34. Kd2 Bg5+ 35. Kc3 Qf3+ 36. Kb2 Qxf7 37. Nxf7+ Kg8 38. Nxg5 1-0

[Event "ESP-chT CECLUB Div1"]
[Site "Linares"]
[Date "2019.08.31"]
[Round "6.3"]
[White "Antunez Munoz, Ines"]
[Black "Garcia Castany Musellas, Gal La"]
[Result "0-1"]
[WhiteElo "1891"]
[BlackElo "2149"]
[PlyCount "96"]
[EventDate "2019.08.26"]
[EventType "team-tourn"]
[EventRounds "7"]
[EventCountry "ESP"]
[SourceTitle "EXT 2020"]
[Source "ChessBase"]
[SourceDate "2019.10.17"]
[SourceVersion "1"]
[SourceVersionDate "2019.10.17"]
[SourceQuality "1"]
[WhiteTeam "Oromana Schneider Electric"]
[BlackTeam "Barbera"]
[WhiteTeamCountry "ESP"]
[BlackTeamCountry "ESP"]

1. e4 e5 2. Nf3 Nc6 3. d4 exd4 4. Nxd4 Nf6 5. Nxc6 bxc6 6. Qe2 Qe7 7. Nc3 Qe6 8. Bd2 Bb4 9. e5 Bxc3 10. Bxc3 Nd5 11. Bd2 a5 12. f4 Nb4 13. Bxb4 axb4 14. Qc4 0-0 15. Be2 Qe7 16. 0-0 Ba6 17. Qe4 Qc5+ 18. Kh1 d5 19. Qf3 Qxc2 20. Bxa6 Rxa6 21. f5 Qxb2 22. f6 Qxe5 23. Qg4 g6 24. Rae1 Qh5 25. Qf4 h6 26. Re5 g5 27. Qxb4 Rxa2 28. Rfe1 Raa8 29. Qc5 Rab8 30. Qa3 Qg6 31. Qe7 d4 32. Qd7 Qxf6 33. Qxd4 Rbe8 34. h3 Kg7 35. Qc5 Rxe5 36. Rxe5 Rd8 37. Re1 Rd5 38. Qc4 Rf5 39. Rc1 c5 40. Qb5 c6 41. Qc4 Rf4 42. Qxc5 Rf1+ 43. Rxf1 Qxf1+ 44. Kh2 Qf4+ 45. Kh1 Qe4 46. Qc3+ f6 47. Qc5 Qe1+ 48. Kh2 Qe5+ 0-1